000 00772nam a2200241 a 4500
001 BRL_1207
005 20190320211102.0
008 281113s197u----nyuao#####---#000-0#eng-#
041 _aeng
044 _anyu
050 4 _aN6911
_b.S65 1970
245 1 0 _aThe splendors of Italy
_cPreface by Guglielmo de Angelis D´ossat ; Traslated by Geoffrey Braithwaite.
260 _aNew York
_bG. P. Putnam´s Sons
_c[197-]
300 _a[363] p.
_bil. (algunas a color), láminas, mapas
_c32 cm.
440 0 _aRéalités
_926117
500 _aAu1399
650 1 4 _aArte
_xHistoria
_zItalia
_926118
651 4 _aItalia
_xAntigüedades
_926119
700 1 _aAngelis D´ossat, Guglielmo de
_926120
700 1 _aBraithwaite, Geoffrey
_etr.
_926121
902 _aGRL
942 _2lcc
_cB
999 _c10019
_d10019